Diseño teatral: 40 años

Tallennettuna:
Bibliografiset tiedot
Päätekijä: López Cauly, Ramón (autor)
Aineistotyyppi: Kirja
Kieli:espanja
Julkaistu: Santiago ARQ Ediciones 2009
Sarja:Serie Extensa
Aiheet:
Tagit: Lisää tagi
Ei tageja, Lisää ensimmäinen tagi!

MARC

LEADER 00000nam a2200000 a 4500
001 UCG2874
003 CL-VaPUC
008 100729e20091000CL |||||||||||||||||spa|d
020 |a 9789561410800 
082 0 4 |a 792.025  |b LOP  |2 21 
100 |a López Cauly, Ramón  |e autor  |9 551528 
245 1 0 |a Diseño teatral: 40 años 
300 |a 218 p 
942 |c BK 
945 |d 20100729 00:00:00  |a mfarfan 
260 |a Santiago  |b ARQ Ediciones  |c 2009 
650 7 |a ESCENOGRAFIA  |2 CL-VaPUC  |9 268077 
650 0 |a Teatro  |9 265385 
650 7 |a TEATRO HISTORIA  |2 CL-VaPUC  |9 322265 
583 |a last modification  |c 20100729 00:00:00  |k Rodrigo Vera 
490 0 |a Serie Extensa 
999 |c 341985  |d 341983 
952 |0 0  |1 0  |4 0  |6 792_025000000000000_LOP_2009  |7 0  |8 A  |9 437892  |a BIBARQ  |b BIBARQ  |d 2019-11-22  |i 4699793  |l 1  |o 792.025 LOP 2009  |p 4699793  |r 2025-01-20  |s 2023-10-26  |w 2019-11-22  |y BK  |k ARQ